000 00785nam a22002057a 4500
999 _c64431
_d64431
005 20240530110731.0
008 180509s1995 ua a g 000 0 ara d
017 _bمصر. دار الكتب
040 _aEG-CaGPL
_cEG-CaGPL
082 0 4 _221
_a018 /
_bس د
100 0 _aسمير سرحان
245 1 0 _aدليل كتاب ورسامى كتب الاطفال فى مصر /
_cسمير سرحان
260 _aالقاهرة :
_c1995.
_bوزارة الثقافة : الهيئة العامة للكتاب : مركز توثيق وبحوث ادب الطفل،
300 _a72 ص. :
_bايض ؛
_c19 سم.
650 0 7 _2qrmak
_aادب الاطفال
650 0 7 _2qrmak
_aالكتب والقراءة للاطفال
651 _2qrmak
942 _2ddc
_cBK